[Event "9th Asrian Memorial 2016"]
[Site "Yerevan ARM"]
[Date "2016.06.16"]
[Round "1.23"]
[White "Hoghmrtsyan, Artur"]
[Black "Hakobyan, Aram"]
[Result "0-1"]
[BlackTitle "FM"]
[WhiteElo "1870"]
[BlackElo "2382"]
[WhiteFideId "13306685"]
[BlackFideId "13306677"]
[EventDate "2016.06.16"]

1. d4 Nf6 2. g3 c5 3. d5 e6 4. c4 exd5 5. cxd5 d6 6. Nc3 g6 7. Bg2 Bg7 8. Nf3
O-O 9. O-O a6 10. a4 Re8 11. Nd2 Nbd7 12. h3 Nh5 13. Nde4 Qe7 14. g4 Nhf6 15.
Nxf6+ Bxf6 16. e4 Rb8 17. Qe2 g5 18. Nd1 Ne5 19. f4 gxf4 20. Bxf4 b5 21. Ne3
bxa4 22. Bg3 Rxb2 23. Qd1 Bh4 24. Bxe5 Qxe5 25. Kh1 Qc3 26. Qxa4 Rb5 27. Nc4 Rd8
28. Rac1 Qg7 29. Qa3 Rb4 30. Nxd6 Bxg4 31. Nxf7 Rf8 32. Nd6 Bd7 33. Rxf8+ Qxf8
34. Qxa6 Bf2 35. Qe2 Bd4 36. Nc4 Qh6 37. Qd2 Qxd2 38. Nxd2 Be3 39. Rc2 Ba4 40.
Ra2 c4 41. Nxc4 Rxc4 42. Bf3 Bf4 43. Kg2 Kg7 44. Kf2 Kf6 45. Rb2 Ke5 46. Rb7 h6
47. h4 Bc2 48. Rb6 Bd3 49. Kg2 Kd4 50. Kh3 Bxe4 51. Bxe4 Kxe4 52. d6 Kf5 53. d7
Rc3+ 54. Kg2 Rd3 55. Rb7 Kg4 56. Kf2 Rd2+ 57. Ke1 Kf3 58. Ra7 Rd6 59. Ra3+ Be3 0-1

[Event "9th Asrian Memorial 2016"]
[Site "Yerevan ARM"]
[Date "2016.06.16"]
[Round "1.24"]
[White "Sargsyan, Shant"]
[Black "Barseghyan, Armen Ar."]
[Result "1-0"]
[WhiteTitle "CM"]
[WhiteElo "2378"]
[BlackElo "1849"]
[WhiteFideId "13306766"]
[BlackFideId "13306707"]
[EventDate "2016.06.16"]

1. d4 Nf6 2. c4 c5 3. d5 b5 4. cxb5 a6 5. bxa6 Bxa6 6. Nc3 d6 7. Nf3 g6 8. e4
Bxf1 9. Kxf1 Bg7 10. g3 O-O 11. Kg2 Nbd7 12. h3 Qa5 13. Re1 Rfb8 14. Qc2 Ne8 15.
Bd2 c4 16. Rab1 Nc5 17. b4 cxb3 18. axb3 Qa3 19. Re3 Bh6 20. Re2 Bxd2 21. Nxd2
Qb4 22. Re3 Nc7 23. Na4 N7a6 24. Rc3 Qb5 25. Nxc5 Nxc5 26. b4 Na6 27. Rc4 h5 28.
Nf3 Qd7 29. Nd4 Rb7 30. Nc6 Nc7 31. Qb2 e5 32. Ra1 Rxa1 33. Qxa1 Kh7 34. Qc1 Nb5
35. f4 exf4 36. Qxf4 Rc7 37. g4 Rc8 38. gxh5 gxh5 39. Ne7 Rf8 40. Qg5 Qa7 41.
Qxh5+ Kg7 42. Nf5+ Kf6 43. Qh6+ 1-0

[Event "9th Asrian Memorial 2016"]
[Site "Yerevan ARM"]
[Date "2016.06.16"]
[Round "1.25"]
[White "Nazaryan, Armenak"]
[Black "Torosyan, Norayr"]
[Result "0-1"]
[WhiteElo "1845"]
[BlackElo "2361"]
[WhiteFideId "13304747"]
[BlackFideId "13300431"]
[EventDate "2016.06.16"]

1. e4 c5 2. Nc3 d6 3. Nge2 Nc6 4. g3 g6 5. Bg2 Bg7 6. d3 Nf6 7. Bg5 h6 8. Bd2 h5
9. h3 Rb8 10. f4 Bd7 11. O-O Qc8 12. Kh2 b5 13. Qe1 e5 14. Nd1 h4 15. g4 exf4
16. Nxf4 Ne5 17. Ne3 b4 18. Nfd5 Nxd5 19. Nxd5 Be6 20. Bg5 Bxd5 21. exd5 Kf8 22.
Qf2 Qd7 23. Be4 Kg8 24. Rae1 Re8 25. Bf6 Bxf6 26. Qxf6 Qe7 27. Qf2 Qg5 28. c3
bxc3 29. bxc3 Rf8 30. Rb1 f6 31. Rb7 Rh7 32. Rxh7 Kxh7 33. Rb1 Rf7 34. Rf1 Kg7
35. Rb1 f5 36. gxf5 gxf5 37. Rg1 Ng4+ 38. hxg4 fxe4 39. Qe2 exd3 40. Qxd3 Rf2+
41. Rg2 Rxg2+ 42. Kxg2 Qxg4+ 43. Kh2 Kf6 44. c4 Ke5 45. Qe3+ Qe4 46. Qc3+ Kf5
47. a4 Qe5+ 0-1

[Event "9th Asrian Memorial 2016"]
[Site "Yerevan ARM"]
[Date "2016.06.16"]
[Round "1.26"]
[White "Vardanian, Haik G."]
[Black "Golikov, Sergei"]
[Result "1-0"]
[WhiteTitle "FM"]
[WhiteElo "2355"]
[BlackElo "1774"]
[WhiteFideId "13303562"]
[BlackFideId "34103330"]
[EventDate "2016.06.16"]

1. e4 e6 2. d4 d5 3. Nc3 Bb4 4. Ne2 c5 5. a3 cxd4 6. Qxd4 Bxc3+ 7. Nxc3 Qf6 8.
Qc5 Nd7 9. Bb5 Ne7 10. exd5 Qe5+ 11. Be3 exd5 12. O-O-O O-O 13. Qb4 Nc6 14. Qh4
Nf6 15. Rhe1 Qd6 16. Bg5 a6 17. Bxf6 Qxf6 18. Qxf6 gxf6 19. Ba4 b5 20. Bb3 d4
21. Nd5 Kg7 22. Ne7 Nxe7 23. Rxe7 Bf5 24. Rxd4 a5 25. Rd5 Bg6 26. Rxb5 a4 27.
Bd5 Rac8 28. Be4 Rc4 29. Bxg6 hxg6 30. Rb4 Rxb4 31. axb4 Ra8 32. c4 Rc8 33. c5
Rb8 34. Re4 f5 35. Rc4 Kf8 36. c6 Ke7 37. c7 Rc8 38. b5 Kd7 39. b6 f6 40. Rc3 g5
41. b7 1-0

[Event "9th Asrian Memorial 2016"]
[Site "Yerevan ARM"]
[Date "2016.06.16"]
[Round "1.27"]
[White "Arakelyan, Nare"]
[Black "Bakunts, Rafael"]
[Result "0-1"]
[WhiteElo "1766"]
[BlackElo "2355"]
[WhiteFideId "13307657"]
[BlackFideId "13304097"]
[EventDate "2016.06.16"]

1. e4 e5 2. Nf3 Nc6 3. Bb5 a6 4. Ba4 Nf6 5. O-O Be7 6. Bxc6 dxc6 7. d3 Nd7 8.
Nbd2 O-O 9. Nc4 f6 10. Nh4 Nc5 11. Nf5 Kh8 12. b3 Ne6 13. Qg4 Rf7 14. Be3 Bf8
15. h4 Nd4 16. Bxd4 Qxd4 17. h5 Qc3 18. Nce3 Bc5 19. Qe2 Be6 20. g4 g6 21. hxg6
hxg6 22. Ng3 Rh7 23. Kg2 Kg7 24. Rh1 Rah8 25. Rxh7+ Rxh7 26. Rh1 Rxh1 27. Nxh1
Qb2 28. a4 Bxe3 29. fxe3 Bxb3 30. a5 Qxc2 31. Kf3 Qxe2+ 32. Kxe2 b6 33. axb6
cxb6 34. d4 Be6 35. Nf2 a5 36. Kd3 b5 37. Kc3 Bc4 38. Nd1 Be2 39. Nf2 Kf7 40.
Kd2 Bc4 41. Kc3 Ke7 42. Nd1 Be6 43. Nf2 g5 44. Kb2 b4 0-1

[Event "9th Asrian Memorial 2016"]
[Site "Yerevan ARM"]
[Date "2016.06.16"]
[Round "1.28"]
[White "Kalashian, David"]
[Black "Abrahamyan, Rashid"]
[Result "1-0"]
[WhiteTitle "IM"]
[WhiteElo "2316"]
[BlackElo "1756"]
[WhiteFideId "13302418"]
[BlackFideId "13304054"]
[EventDate "2016.06.16"]

1. d4 e6 2. c4 b6 3. Nc3 Bb4 4. Qb3 Nc6 5. Nf3 a5 6. a3 Bxc3+ 7. Qxc3 Nf6 8. Bg5
h6 9. Bh4 Ne7 10. Bxf6 gxf6 11. g3 Bb7 12. d5 e5 13. Nh4 b5 14. e4 bxc4 15. Bxc4
Ba6 16. O-O Bxc4 17. Qxc4 Rb8 18. Qc3 c6 19. Qf3 cxd5 20. Qxf6 Rh7 21. Qxe5 d6
22. Qf4 dxe4 23. Qxe4 Rh8 24. Rfe1 Kf8 25. Qd4 Rg8 26. Qf6 Ng6 27. Nxg6+ Rxg6
28. Qh8+ 1-0

[Event "9th Asrian Memorial 2016"]
[Site "Yerevan ARM"]
[Date "2016.06.16"]
[Round "1.29"]
[White "Mashalov, Aliniyaz"]
[Black "Manukyan, Sargis A."]
[Result "0-1"]
[WhiteElo "1680"]
[BlackElo "2247"]
[WhiteFideId "14004003"]
[BlackFideId "13303970"]
[EventDate "2016.06.16"]

1. d4 d5 2. c4 e6 3. Nc3 Nf6 4. cxd5 exd5 5. Bg5 Be7 6. e3 O-O 7. Bd3 Nbd7 8.
Nge2 b6 9. O-O Bb7 10. Ng3 g6 11. Rc1 c5 12. Bb1 Re8 13. Re1 Ne4 14. Bxe7 Qxe7
15. Ngxe4 dxe4 16. Nb5 Rec8 17. Qg4 a6 18. Nc3 f5 19. Qg3 Nf6 20. Qg5 cxd4 21.
exd4 Qd6 22. Rcd1 Rc4 23. Ne2 Ng4 24. Qf4 Rd8 25. h3 Qxf4 26. Nxf4 Nf6 27. Ne2
Nd5 28. Rc1 Rxc1 29. Rxc1 a5 30. a3 Ba6 31. Nc3 Nf4 32. Ba2+ Kg7 33. d5 Bb7 34.
Rd1 Kf6 35. Rc1 Ke5 36. Na4 Ne2+ 0-1

[Event "9th Asrian Memorial 2016"]
[Site "Yerevan ARM"]
[Date "2016.06.16"]
[Round "1.30"]
[White "Hovhannisyan, Karen G."]
[Black "Nanyan, Georgy"]
[Result "1-0"]
[WhiteElo "2244"]
[BlackElo "1570"]
[WhiteFideId "13306618"]
[BlackFideId "13310100"]
[EventDate "2016.06.16"]

1. e4 c5 2. a3 e6 3. b4 cxb4 4. axb4 Bxb4 5. Bb2 Nf6 6. e5 Nd5 7. c4 Nb6 8. Ra3
Bxa3 9. Bxa3 Nc6 10. Qg4 g6 11. Bd6 h5 12. Qf4 g5 13. Qe3 f5 14. Nh3 Rg8 15. Be2
g4 16. Qh6 Kf7 17. Qxh5+ Kg7 18. Nf4 Qe8 19. Qg5+ Kh7 20. Qh4+ Kg7 21. h3 Qd8
22. Qh5 Ne7 23. hxg4 1-0

[Event "9th Asrian Memorial 2016"]
[Site "Yerevan ARM"]
[Date "2016.06.16"]
[Round "1.31"]
[White "Hakobyan, Yurik L."]
[Black "Danielyan, Vahe"]
[Result "0-1"]
[BlackTitle "FM"]
[WhiteElo "1544"]
[BlackElo "2240"]
[WhiteFideId "13308866"]
[BlackFideId "13304828"]
[EventDate "2016.06.16"]

1. e4 e5 2. Nc3 Nf6 3. f4 d5 4. fxe5 Nxe4 5. Nf3 Be7 6. Bd3 Nc5 7. Bb5+ c6 8.
Be2 d4 9. Nb1 d3 10. cxd3 Nxd3+ 11. Bxd3 Qxd3 12. Nc3 Bf5 13. Qe2 Na6 14. a3 Nc5
15. O-O Qxe2 16. Nxe2 Nb3 17. Ra2 Bd3 18. Kf2 Bc5+ 19. Kg3 Bxe2 20. Re1 Bd3 21.
e6 f6 22. e7 Kf7 23. a4 a5 24. Ra3 Bxa3 25. bxa3 Nxc1 26. Rxc1 0-1

[Event "9th Asrian Memorial 2016"]
[Site "Yerevan ARM"]
[Date "2016.06.17"]
[Round "2.1"]
[White "Hovhannisyan, Robert"]
[Black "Harutyunian, Tigran K."]
[Result "0-1"]
[WhiteTitle "GM"]
[BlackTitle "IM"]
[WhiteElo "2641"]
[BlackElo "2462"]
[WhiteFideId "13302507"]
[BlackFideId "13303635"]
[EventDate "2016.06.16"]

1. Nf3 Nf6 2. c4 e6 3. Nc3 d5 4. e3 Bd6 5. b3 b6 6. Bb2 Bb7 7. cxd5 exd5 8. Nb5
Be7 9. Be5 Na6 10. Nbd4 O-O 11. Bb5 Nb8 12. Nf5 Ba3 13. N3d4 a6 14. Nxg7 axb5
15. Nh5 Nbd7 16. Nxf6+ Nxf6 17. Qf3 Ne4 18. Nf5 f6 19. Qg4+ Kf7 20. Bxc7 Qd7 21.
f3 Ng5 22. h4 Ne6 23. Bxb6 Ra6 24. Nh6+ Ke7 25. Bd4 Nxd4 26. Qxd4 Kd8 27. g4 Qc7
28. Ke2 Qc2 29. Nf5 Re8 30. Qf4 Qc7 31. Qd4 Qc2 32. Rab1 Bc5 33. Rb2 Qxf5 34.
Qxc5 Qe5 35. Qxb5 Qxb2 36. Qxb7 Rxa2 37. Qxd5+ Ke7 38. Rd1 Qe5 39. Qxe5+ fxe5
40. Kd3 Rd8+ 41. Ke4 Raxd2 42. Rxd2 Rxd2 43. Kxe5 Rd3 44. Ke4 Rxb3 45. f4 Rb4+
46. Kf3 Ke6 47. Kg3 Rb1 48. Kf3 Rh1 49. Kg3 Kd5 50. g5 Ke4 51. Kg4 Kxe3 52. f5
Ke4 53. f6 Ke5 54. f7 Rf1 55. g6 hxg6 56. Kg5 Ke6 57. Kxg6 Rg1+ 0-1

[Event "9th Asrian Memorial 2016"]
[Site "Yerevan ARM"]
[Date "2016.06.17"]
[Round "2.2"]
[White "Ter-Sahakyan, Samvel"]
[Black "Mikaelyan, Arman"]
[Result "1-0"]
[WhiteTitle "GM"]
[BlackTitle "IM"]
[WhiteElo "2617"]
[BlackElo "2444"]
[WhiteFideId "13302531"]
[BlackFideId "13304852"]
[EventDate "2016.06.16"]

1. e4 e5 2. Nf3 Nc6 3. Bb5 Nf6 4. d3 Bc5 5. Bxc6 dxc6 6. Nbd2 Be6 7. O-O Nd7 8.
Nb3 Bb6 9. Ng5 Bxb3 10. axb3 f6 11. Nf3 O-O 12. b4 a5 13. bxa5 Bxa5 14. Nh4 Bb6
15. Rxa8 Qxa8 16. Nf5 Rf7 17. h4 Nf8 18. h5 Kh8 19. g3 Ne6 20. Kg2 Nd4 21. Nh4
Kg8 22. Be3 Ne6 23. Qg4 Nf8 24. Bd2 Bc5 25. Bc3 b5 26. b3 b4 27. Ra1 Qd8 28. Nf5
Kh8 29. Bd2 Qb8 30. Ra4 Nd7 31. Qd1 Bf8 32. Qa1 Nb6 33. Ra5 Rd7 34. Be3 Qe8 35.
Qh1 Rd8 36. Ra7 Na8 37. Qa1 Rb8 38. Qa6 g6 39. Nh4 Kg7 40. Qa1 Bd6 41. Qd1 Qd7
42. Bc1 Kf7 43. Be3 Qc8 44. Qf3 Nb6 45. Ra1 Qe6 46. hxg6+ hxg6 47. Nxg6 Kxg6 48.
Rh1 Kg7 49. Qh5 Nd7 50. Bh6+ Kh7 51. Bf8+ Kg8 52. Qh8+ 1-0

[Event "9th Asrian Memorial 2016"]
[Site "Yerevan ARM"]
[Date "2016.06.17"]
[Round "2.3"]
[White "Babujian, Levon"]
[Black "Oleksiyenko, Mykhaylo"]
[Result "1/2-1/2"]
[WhiteTitle "GM"]
[BlackTitle "GM"]
[WhiteElo "2469"]
[BlackElo "2615"]
[WhiteFideId "13301993"]
[BlackFideId "4152417"]
[EventDate "2016.06.16"]

1. d4 Nf6 2. c4 g6 3. Nc3 Bg7 4. Nf3 O-O 5. g3 d6 6. Bg2 Nc6 7. O-O e5 8. dxe5
Nxe5 9. Nxe5 dxe5 10. Qxd8 Rxd8 11. Bg5 Rd7 12. Nd5 Nxd5 13. cxd5 f5 14. e4 Rf7
15. Rac1 f4 16. Rfe1 f3 17. Bf1 Bf8 18. Re3 h6 19. Bd8 Bd6 20. Rec3 Bg4 21. Bxc7
Rxc7 22. Rxc7 Bxc7 23. Rxc7 Rc8 24. Rxc8+ Bxc8 25. h3 g5 26. g4 Bd7 27. Kh2 a5
28. Kg3 Kf7 29. Kxf3 Ke7 30. Ke3 Kd6 31. f4 gxf4+ 32. Kf3 Ke7 33. h4 Kf7 34. b3
b5 35. a3 Kg7 36. Kg2 Bxg4 37. Bxb5 Kf6 38. Kf2 Ke7 39. Be2 Bxe2 40. Kxe2 h5 41.
Kd3 Kd6 42. b4 axb4 43. axb4 Kd7 44. b5 Kd6 45. b6 Kd7 46. Kc3 Kd6 47. Kc4 Kd7 1/2-1/2

[Event "9th Asrian Memorial 2016"]
[Site "Yerevan ARM"]
[Date "2016.06.17"]
[Round "2.4"]
[White "Gabuzyan, Hovhannes"]
[Black "Shahinyan, David"]
[Result "1-0"]
[WhiteTitle "GM"]
[BlackTitle "IM"]
[WhiteElo "2614"]
[BlackElo "2442"]
[WhiteFideId "13303732"]
[BlackFideId "13304380"]
[EventDate "2016.06.16"]

1. b3 e5 2. Bb2 Nc6 3. e3 g6 4. h4 Bg7 5. h5 d5 6. Bb5 Ne7 7. h6 Bf6 8. Qf3 Bf5
9. Nc3 e4 10. Qf4 a6 11. Bxc6+ Nxc6 12. Nge2 Be5 13. Qh4 Qxh4 14. Rxh4 g5 15.
Rh1 O-O-O 16. O-O-O d4 17. exd4 Nxd4 18. Ng3 Bxg3 19. fxg3 Rhe8 20. Rde1 e3 21.
d3 e2 22. Na4 Nxc2 23. Kxc2 Rxd3 24. g4 Bg6 25. Kc1 Rg3 26. Rh2 Re6 27. Nc3 Rc6
28. Kd2 Rd3+ 29. Kxe2 Rcxc3 30. Bxc3 Rxc3 31. Kf2 b5 32. Rh3 Rc2+ 33. Re2 Rc5
34. Rhe3 Kb7 35. a3 b4 36. axb4 Rb5 37. Rc3 Rxb4 38. Re7 Rxg4 39. Rcxc7+ Kb6 40.
Rb7+ Kc5 41. g3 a5 42. Rec7+ Kd6 43. Rc4 Rxc4 44. bxc4 Kc5 45. Rb5+ Kxc4 46.
Rxa5 Kd4 47. Rxg5 Ke4 48. Kg2 Ke3 49. Kh3 Kf3 50. Kh4 Be4 51. Rg4 1-0

[Event "9th Asrian Memorial 2016"]
[Site "Yerevan ARM"]
[Date "2016.06.17"]
[Round "2.5"]
[White "Hakobyan, Aram"]
[Black "Andriasian, Zaven"]
[Result "0-1"]
[WhiteTitle "FM"]
[BlackTitle "GM"]
[WhiteElo "2382"]
[BlackElo "2611"]
[WhiteFideId "13306677"]
[BlackFideId "13302000"]
[EventDate "2016.06.16"]

1. d4 Nf6 2. c4 c6 3. Nc3 d5 4. e3 g6 5. Nf3 Bg7 6. Bd3 O-O 7. O-O Bg4 8. h3
Bxf3 9. Qxf3 e6 10. b3 Nbd7 11. Bb2 Re8 12. Rfd1 Rc8 13. Qe2 a6 14. Rac1 Qe7 15.
Bb1 h5 16. f4 h4 17. c5 Nh5 18. b4 f5 19. Qf3 Ndf6 20. Ne2 Bh6 21. Kh1 Kh7 22.
Bc3 Rg8 23. Be1 g5 24. fxg5 Bxg5 25. g4 hxg3 26. Nxg3 Nxg3+ 27. Bxg3 Rg6 28. Rg1
Rcg8 29. Be5 Ne4 30. Rg2 Bh6 31. Rxg6 Rxg6 32. Bxe4 dxe4 33. Qf2 Qg5 34. Re1 Qh5
35. Kh2 Bg5 36. Bg3 Bh6 37. a4 Bg5 38. Qe2 Qxe2+ 39. Rxe2 Rg8 40. Re1 Kg6 41.
Kg2 Kh5 42. Kf2 Bh4 43. Bxh4 Kxh4 44. b5 axb5 45. axb5 Ra8 46. Re2 Kxh3 47. bxc6
bxc6 48. Rb2 Kg4 49. Ke2 Kg3 50. Kd2 Kf2 51. Rb6 f4 52. exf4 e3+ 53. Kd3 Ra3+
54. Kc4 e2 55. Rb2 Kf3 56. Rb1 Re3 57. f5 exf5 0-1

[Event "9th Asrian Memorial 2016"]
[Site "Yerevan ARM"]
[Date "2016.06.17"]
[Round "2.6"]
[White "Pashikian, Arman"]
[Black "Sargsyan, Shant"]
[Result "1/2-1/2"]
[WhiteTitle "GM"]
[BlackTitle "CM"]
[WhiteElo "2611"]
[BlackElo "2378"]
[WhiteFideId "13301578"]
[BlackFideId "13306766"]
[EventDate "2016.06.16"]

1. c4 Nf6 2. Nc3 c5 3. Nf3 e6 4. e3 Nc6 5. d4 d5 6. cxd5 exd5 7. Bb5 cxd4 8.
Nxd4 Bd7 9. O-O Bd6 10. b3 O-O 11. Bb2 Rc8 12. Nf3 Bg4 13. Be2 a6 14. h3 Be6 15.
Rc1 Bb8 16. Bd3 Ne5 17. Nxe5 Bxe5 18. Rc2 Ne4 19. Ne2 Bxb2 20. Rxb2 Nc3 21. Nxc3
Rxc3 22. Rc2 Qf6 23. Rxc3 Qxc3 24. Qb1 g6 25. Rc1 Qe5 26. Rc5 Rc8 27. Rxc8+ Bxc8
28. Qc1 Bf5 29. Bxf5 Qxf5 30. a4 a5 31. Qc3 b6 32. Kf1 Qe4 33. f3 Qe6 34. Ke2 d4
35. Qd3 dxe3 36. Qxe3 Qd6 37. Qe4 Qg3 38. Kf1 Qd6 39. Ke2 Qg3 40. Kf1 Qd6 41.
Ke2 1/2-1/2

[Event "9th Asrian Memorial 2016"]
[Site "Yerevan ARM"]
[Date "2016.06.17"]
[Round "2.7"]
[White "Torosyan, Norayr"]
[Black "Grigoryan, Karen H."]
[Result "1/2-1/2"]
[BlackTitle "GM"]
[WhiteElo "2361"]
[BlackElo "2604"]
[WhiteFideId "13300431"]
[BlackFideId "13301004"]
[EventDate "2016.06.16"]

1. e4 c5 2. Nf3 Nc6 3. Bb5 g6 4. Bxc6 dxc6 5. d3 Bg7 6. h3 Nf6 7. Nc3 Nd7 8. Be3
e5 9. O-O O-O 10. Qd2 f6 11. Nh2 Qe7 12. f4 exf4 13. Bxf4 Ne5 14. Nf3 Nf7 15.
Rae1 Be6 16. Nd5 Bxd5 17. exd5 Qd7 18. dxc6 Qxc6 19. Re7 Rae8 20. Rfe1 f5 21.
Rxe8 Rxe8 22. Rxe8+ Qxe8 23. b3 b6 1/2-1/2

[Event "9th Asrian Memorial 2016"]
[Site "Yerevan ARM"]
[Date "2016.06.17"]
[Round "2.8"]
[White "Zhigalko, Andrey"]
[Black "Vardanian, Haik G."]
[Result "1-0"]
[WhiteTitle "GM"]
[BlackTitle "FM"]
[WhiteElo "2594"]
[BlackElo "2355"]
[WhiteFideId "13502247"]
[BlackFideId "13303562"]
[EventDate "2016.06.16"]

1. e4 c5 2. Nf3 Nf6 3. e5 Nd5 4. Nc3 e6 5. Bc4 Nxc3 6. dxc3 d5 7. exd6 Bxd6 8.
Ng5 Nc6 9. Be3 Be7 10. Qh5 Bxg5 11. Bxg5 Qc7 12. O-O-O O-O 13. Rhe1 Ne5 14. Bd8
Rxd8 15. Qxe5 Rxd1+ 16. Rxd1 Qe7 17. Qd6 Qxd6 18. Rxd6 Kf8 19. Rd8+ Ke7 20. Rh8
h6 21. Be2 Rb8 22. h4 g6 23. g4 Kf6 24. f4 Ra8 25. Kd2 b6 26. Bf3 Rb8 27. Ke3
Ke7 28. b4 Kd6 29. b5 e5 30. f5 gxf5 31. gxf5 Kc7 32. Rh7 Bxf5 33. Rxf7+ Bd7 34.
Bc6 Rd8 35. Ke4 Kd6 36. Rxd7+ Rxd7 37. Bxd7 Kxd7 38. Kxe5 Ke7 39. c4 Kf7 40. h5
Ke7 41. Kf5 Kf7 42. c3 Ke7 43. Kg6 Ke6 44. Kxh6 Kf6 45. a3 1-0

[Event "9th Asrian Memorial 2016"]
[Site "Yerevan ARM"]
[Date "2016.06.17"]
[Round "2.9"]
[White "Bakunts, Rafael"]
[Black "Kovalev, Vladislav"]
[Result "1/2-1/2"]
[BlackTitle "GM"]
[WhiteElo "2355"]
[BlackElo "2584"]
[WhiteFideId "13304097"]
[BlackFideId "13504398"]
[EventDate "2016.06.16"]

1. e4 e5 2. Nf3 Nc6 3. Bb5 a6 4. Ba4 Nf6 5. O-O Be7 6. Re1 b5 7. Bb3 d6 8. c3
O-O 9. h3 Na5 10. Bc2 c5 11. d4 Nd7 12. Nbd2 exd4 13. cxd4 Nc6 14. d5 Nce5 15.
Nxe5 Nxe5 16. f4 Ng6 17. Nf3 f5 18. exf5 Bxf5 19. Bxf5 Rxf5 20. g4 Rxf4 21. Bxf4
Nxf4 22. Qd2 g5 23. Kh2 Qd7 24. Re4 Rf8 25. Rae1 Bf6 26. Nh4 Be5 27. Nf3 Bf6 28.
Nh4 Be5 29. Nf3 1/2-1/2

[Event "9th Asrian Memorial 2016"]
[Site "Yerevan ARM"]
[Date "2016.06.17"]
[Round "2.10"]
[White "Stupak, Kirill"]
[Black "Kalashian, David"]
[Result "1-0"]
[WhiteTitle "GM"]
[BlackTitle "IM"]
[WhiteElo "2555"]
[BlackElo "2316"]
[WhiteFideId "13503758"]
[BlackFideId "13302418"]
[EventDate "2016.06.16"]

1. c4 c6 2. g3 d5 3. Nf3 Nf6 4. Bg2 e6 5. O-O Be7 6. b3 O-O 7. Bb2 c5 8. cxd5
exd5 9. d4 Nc6 10. Nc3 a6 11. dxc5 Bxc5 12. Na4 Ba7 13. Rc1 Re8 14. e3 Bf5 15.
Nd4 Bxd4 16. Bxd4 Be4 17. Nb6 Nxd4 18. Qxd4 Rb8 19. Rfd1 Qe7 20. Nxd5 Bxd5 21.
Bxd5 Rbd8 22. Qc4 b5 23. Qc6 Qa3 24. Qc5 Qxc5 25. Rxc5 Re5 26. e4 Nxe4 27. Rc7
Kh8 28. Rcc1 g6 29. Bxf7 Rf8 30. f4 Re7 31. Bd5 Nf6 32. Bf3 Kg7 33. b4 h6 34.
Rd3 g5 35. fxg5 hxg5 36. h3 Re6 37. Kg2 Kg6 38. a3 Rfe8 39. Rc6 g4 40. hxg4 Rxc6
41. Bxc6 Re2+ 42. Kf3 Re6 43. Rc3 Rd6 44. Kf4 Rd4+ 45. Ke5 Rd1 46. Bf3 Re1+ 47.
Kf4 Rf1 48. Rc6 Kf7 49. g5 Ng8 50. Rxa6 Ne7 51. Ke4 Re1+ 52. Kd4 Nf5+ 53. Kc5
Rc1+ 54. Kxb5 Ke7 55. Bd5 Nd6+ 56. Ka4 Rd1 57. Bb3 Rd3 58. Ra7+ Kf8 59. Rd7 Ke8
60. Be6 1-0

[Event "9th Asrian Memorial 2016"]
[Site "Yerevan ARM"]
[Date "2016.06.17"]
[Round "2.11"]
[White "Manukyan, Sargis A."]
[Black "Sivuk, Vitaly"]
[Result "1-0"]
[BlackTitle "GM"]
[WhiteElo "2247"]
[BlackElo "2520"]
[WhiteFideId "13303970"]
[BlackFideId "14116502"]
[EventDate "2016.06.16"]

1. d4 g6 2. c4 Bg7 3. Nc3 c5 4. d5 Bxc3+ 5. bxc3 f5 6. e3 d6 7. Bd3 Nf6 8. Nf3
Qa5 9. Qb3 Nbd7 10. O-O Nb6 11. Nd2 Qa6 12. Bc2 e6 13. dxe6 Bxe6 14. Qb5+ Nfd7
15. Rd1 Ke7 16. Qxa6 bxa6 17. f4 Nf6 18. e4 Rhe8 19. e5 dxe5 20. fxe5 Nfd7 21.
Nf3 Nxc4 22. Bg5+ Kf8 23. Ba4 Ndxe5 24. Nxe5 Nxe5 25. Bxe8 Rxe8 26. Bf4 Nd7 27.
Rd6 Nb6 28. Rc6 Bd5 29. Bd6+ Kf7 30. Rc7+ Kf6 31. h4 Re4 32. Rxa7 Rg4 33. Be7+
Ke6 34. Re1+ Be4 35. Re2 Nc4 36. Rxa6+ Kd5 37. Bf6 f4 38. Kh2 Bd3 39. Rf2 Ne3
40. Ra4 f3 41. c4+ Rxc4 42. Rxc4 Bxc4 43. gxf3 Bb5 44. Kg3 Kc4 45. Kf4 Kd3 46.
Kg5 c4 47. Kh6 c3 48. Bg5 Bd7 49. Kxh7 Bf5 50. Rh2 Nf1 51. Rg2 Nd2 52. Rf2 Nc4
53. Kg7 Ne3 54. Rh2 c2 55. Rh1 Nd5 56. Re1 Kc3 57. a4 Nb4 58. a5 Bd3 59. Re3 Kd4
60. Rxd3+ Kxd3 61. Kxg6 Nc6 62. a6 Ne5+ 63. Kg7 Nxf3 64. Bc1 1-0

[Event "9th Asrian Memorial 2016"]
[Site "Yerevan ARM"]
[Date "2016.06.17"]
[Round "2.12"]
[White "Petrosyan, Tigran S."]
[Black "Hovhannisyan, Karen G."]
[Result "1-0"]
[WhiteTitle "IM"]
[WhiteElo "2478"]
[BlackElo "2244"]
[WhiteFideId "13303678"]
[BlackFideId "13306618"]
[EventDate "2016.06.16"]

1. Nf3 Nf6 2. c4 g6 3. Nc3 Bg7 4. d4 O-O 5. g3 d6 6. Bg2 Nc6 7. O-O a6 8. h3 Bd7
9. e4 e5 10. Be3 Qc8 11. Kh2 exd4 12. Nxd4 Ne5 13. b3 c5 14. Nde2 Qc7 15. Qd2
Rad8 16. f4 Nc6 17. Rad1 Bc8 18. g4 Rfe8 19. g5 Nh5 20. Bf3 Qa5 21. Bxh5 gxh5
22. f5 Be5+ 23. Bf4 Nd4 24. Bxe5 dxe5 25. Nd5 Qxd2 26. Rxd2 Kh8 27. Kg3 Rg8 28.
Nxd4 exd4 29. Kf4 Rge8 30. b4 1-0

[Event "9th Asrian Memorial 2016"]
[Site "Yerevan ARM"]
[Date "2016.06.17"]
[Round "2.13"]
[White "Danielyan, Vahe"]
[Black "Igonin, Temur"]
[Result "1/2-1/2"]
[WhiteTitle "FM"]
[BlackTitle "IM"]
[WhiteElo "2240"]
[BlackElo "2474"]
[WhiteFideId "13304828"]
[BlackFideId "14203049"]
[EventDate "2016.06.16"]

1. e4 c5 2. Nc3 d6 3. Nge2 g6 4. g3 Bg7 5. Bg2 Nc6 6. O-O e6 7. d3 Nge7 8. Be3
Nd4 9. Rb1 Nec6 10. a3 Rb8 11. b4 O-O 12. bxc5 dxc5 13. f4 e5 14. f5 gxf5 15.
exf5 Bxf5 16. Bxc6 bxc6 17. Rxb8 Qxb8 18. Bxd4 exd4 19. Rxf5 dxc3 20. Nf4 Qe8
21. Kg2 Qe3 22. Qg4 Qd4 23. Qf3 c4 24. Qxc6 cxd3 25. Nxd3 Qg4 26. Qd5 h6 27. Nf4
Bd4 28. Qe4 Rd8 29. Qd3 Rd6 30. h3 Qg7 31. Qe4 Qf8 32. h4 Bg7 33. h5 Rd4 34. Qc6
Rd2+ 35. Kh3 Qe7 36. Qa8+ Kh7 37. Qf3 Qd7 38. g4 Qe7 39. Rd5 Qe1 40. Nd3 Qg1 41.
Qf5+ Kg8 42. Rd8+ Bf8 43. Rxf8+ Kxf8 44. Qc8+ Ke7 45. Qc7+ 1/2-1/2